000 00481nam a2200169Ia 4500
008 210210b1989 xxu||||| |||| 00| 0 eng d
082 _a651.7 LESB
100 _aLESIKAR (Raymond V)
245 _aBusiness Communication : theory and application. Ed 6.
250 _a
260 _aDelhi.
_bAll India Traveller Book Seller,
_c1989
300 _axiv,754
650 _aBusiness Communication
690 _aBusiness Communication
700 _aPETTIT (John D).
906 _a045146
999 _c94485
_d94485